Controlling fire dangers through fire conscious building design (Record no. 93173)

MARC details
000 -LEADER
fixed length control field 00817cam a2200265 4500
008 - FIXED-LENGTH DATA ELEMENTS--GENERAL INFORMATION
fixed length control field 090401t1991 xxu||||| |||| 00| 0 eng d
020 ## - INTERNATIONAL STANDARD BOOK NUMBER
International Standard Book Number 0854064907
035 ## - SYSTEM CONTROL NUMBER
System control number (Sirsi) u52802
041 ## - LANGUAGE CODE
Language code of text/sound track or separate title eng
050 ## - LIBRARY OF CONGRESS CALL NUMBER
Classification number 693.82
-- 18
090 ## - LOCALLY ASSIGNED LC-TYPE CALL NUMBER (OCLC); LOCAL CALL NUMBER (RLIN)
Classification number (OCLC) (R) ; Classification number, CALL (RLIN) (NR) RICS 1991/23 ABCD
110 ## - MAIN ENTRY--CORPORATE NAME
Corporate name or jurisdiction name as entry element Bickerdike Allen Partners
9 (RLIN) 873
245 ## - TITLE STATEMENT
Title Controlling fire dangers through fire conscious building design
260 ## - PUBLICATION, DISTRIBUTION, ETC.
Place of publication, distribution, etc. London
Name of publisher, distributor, etc. RICS Books
Date of publication, distribution, etc. 1991
300 ## - PHYSICAL DESCRIPTION
Extent 8p.
Dimensions 30cm.
350 ## - PRICE (NR) (BK AM CF MU VM SE) [OBSOLETE]
Price 5.95
490 ## - SERIES STATEMENT
Series statement RICS Occasional Paper
520 ## - SUMMARY, ETC.
Summary, etc. First published in the RIBA Journal May 1988.
650 ## - SUBJECT ADDED ENTRY--TOPICAL TERM
Topical term or geographic name entry element BUILT ENVIRONMENT-CONSTRUCTION DESIGN
650 ## - SUBJECT ADDED ENTRY--TOPICAL TERM
Topical term or geographic name entry element FIRE PREVENTION
710 ## - ADDED ENTRY--CORPORATE NAME
Corporate name or jurisdiction name as entry element Royal Institution of Chartered Surveyors
9 (RLIN) 4900
710 ## - ADDED ENTRY--CORPORATE NAME
Corporate name or jurisdiction name as entry element Royal Institute of British Architects
9 (RLIN) 2527
942 ## - ADDED ENTRY ELEMENTS (KOHA)
Suppress in OPAC 0
948 ## - LOCAL PROCESSING INFORMATION (OCLC); SERIES PART DESIGNATOR (RLIN)
c (OCLC) 04/03/1997
Holdings
Withdrawn status Lost status Source of classification or shelving scheme Damaged status Not for loan Home library Current library Shelving location Date acquired Cost, normal purchase price Total Checkouts Full call number Barcode Date last seen Copy number Cost, replacement price Price effective from Koha item type Date last checked out
    Dewey Decimal Classification     London London RICS Boxes 02/09/1991 5.95   RICS 1991/23 30026387 06/08/2019 1 5.95 06/08/2019 Archive  
    Dewey Decimal Classification     London London RICS Boxes 02/09/1991 5.95   RICS 1991/23 30026391 06/08/2019 2 5.95 06/08/2019 Reference material  
    Dewey Decimal Classification     London London RICS Boxes 02/09/1991 5.95 1 RICS 1991/23 30026395 06/08/2019 3 5.95 06/08/2019 Book 21/09/1999
    Dewey Decimal Classification     London London RICS Boxes 02/09/1991 5.95   RICS 1991/23 30026399 06/08/2019 4 5.95 06/08/2019 Book